Fluency in English <an> integrated course for advanced students

Guardado en:
Detalles Bibliográficos
Autor principal: Alexander, L.G
Formato: Libro
Lenguaje:inglés
Publicado: London Longman 1980
Colección:New concept English
Etiquetas: Agregar Etiqueta
Sin Etiquetas, Sea el primero en etiquetar este registro!

MARC

LEADER 00000nam a2200000 4500
001 c137635
005 20221207074606.5
041 0 |a eng 
044 |a GB 
245 1 0 |a Fluency in English  |b <an> integrated course for advanced students  |c L.G. Alexander 
264 1 |a London  |b Longman  |c 1980 
300 |a 198 s. 
490 1 |a New concept English 
830 0 |a New concept English 
100 1 |a Alexander, L.G.